000
00277nam a22001097a 4500
999
_c
160106
_d
160106
082
_a
_b
100
_a
Jagtap R S
245
_a
Meharunnisa parvez ke katha sahithya main nari/
_c
by Jagtap R S.
260
_a
Mathura:
_b
Jawahar Pustakalaya,
_c
2010.
650
_a
942
_c
BK